000 00514nam a2200181Ia 4500
005 20250326123758.0
008 250326s9999 xx 000 0 und d
037 _aTextbook
040 _aFMSL
_beng
_cFMSL
041 _aeng
_2eng
084 _aS K61
_qFMSL
100 _aHebron M E
_988414
245 0 _aMotivated learning: developmental study from birth to the senium
_cHebron M E
260 _aLondon
_bLondon, Methuen
_c1966
300 _a264p
942 _cTB
_hS K61
999 _c1270925
_d1270925